|
|
|
|
| LEADER |
00000nam0a2200000 4500 |
| 001 |
372818 |
| 005 |
20231101050429.0 |
| 035 |
|
|
|a (RuTPU)RU\TPU\retro\30243
|
| 035 |
|
|
|a RU\TPU\book\206578
|
| 090 |
|
|
|a 372818
|
| 100 |
|
|
|a 20221215d1969 k y0rusy50 ca
|
| 101 |
0 |
|
|a rus
|
| 102 |
|
|
|a RU
|
| 105 |
|
|
|a a z 001zy
|
| 200 |
1 |
|
|a Химически активные полимеры и их применение
|e сборник статей
|f Научно-исследовательский институт пластических масс ; под ред. К. М. Салдадзе
|
| 210 |
|
|
|a Ленинград
|c Химия
|d 1969
|
| 215 |
|
|
|a 312 с.
|c черт.
|
| 320 |
|
|
|a Библиогр. в конце ст.
|
| 610 |
1 |
|
|a полимеры
|
| 610 |
1 |
|
|a применение
|
| 610 |
1 |
|
|a синтез
|
| 610 |
1 |
|
|a физико-химические свойства
|
| 610 |
1 |
|
|a свойства
|
| 610 |
1 |
|
|a вода
|
| 610 |
1 |
|
|a очистка
|
| 610 |
1 |
|
|a органические вещества
|
| 610 |
1 |
|
|a примеси
|
| 675 |
|
|
|a 678
|v 3
|
| 675 |
|
|
|a 679.5
|v 3
|
| 702 |
|
1 |
|a Салдадзе
|b К. М.
|g Кирилл Максимович
|4 340
|
| 712 |
0 |
2 |
|a Научно-исследовательский институт пластических масс
|2 stltpush
|3 (RuTPU)RU\TPU\col\17462
|
| 801 |
|
1 |
|a RU
|b 63413507
|c 20110112
|
| 801 |
|
2 |
|a RU
|b 63413507
|c 20221215
|g RCR
|
| 942 |
|
|
|c BK
|